| 000 | 00423pab a2200157 454500 | ||
|---|---|---|---|
| 008 | 180718b1987 xxu||||| |||| 00| 0 eng d | ||
| 100 | _aChandra, D.R. | ||
| 245 | _aImpact of irrigation on crop production in Ram Ganga Command Area | ||
| 260 | _c1987 | ||
| 300 | _a781-6 | ||
| 362 | _aDec. | ||
| 650 | _aIrrigation - India - U.P. | ||
| 700 | _aG.N. Singh | ||
| 773 | _aAgricultural Situtation In India | ||
| 909 | _a11447 | ||
| 999 |
_c11447 _d11447 |
||